| 000 | 00565nam a2200181 4500 | ||
|---|---|---|---|
| 001 | 111890 | ||
| 003 | ES-MaACL | ||
| 005 | 20250415213640.0 | ||
| 007 | t| | ||
| 008 | 061121s1962 sp r ||||1| spa d | ||
| 100 | 1 |
_aOrman Quine, Willard van. _987293 |
|
| 245 | 1 | 0 |
_aDesde un punto de vista lógico / _cWillard van Orman Quine ; traducción de Manuel Sacristán. |
| 260 |
_aBarcelona : _bAriel, _c1962. |
||
| 300 |
_a248 p. ; _c24 cm. |
||
| 700 | 1 |
_aSacristán, Manuel, _d1925-1985 _9101268 |
|
| 852 |
_aES-MaACL _jC-21897 _bR.50540 |
||
| 999 |
_c111890 _d111890 |
||